| 000 | 01204nam a2200301 a 4500 | ||
|---|---|---|---|
| 001 | BRCA_3297 | ||
| 005 | 20190320204217.0 | ||
| 008 | 190309s1866----enka---###---#000-0#eng-# | ||
| 041 | _aeng | ||
| 044 | _aenk | ||
| 084 |
_a591 _b.R68 _c1866 |
||
| 100 | 1 |
_aCervantes Saavedra, Miguel de _d1547-1616 _9213 |
|
| 245 | 1 | 0 |
_aAdventures of Don Quixote de la Mancha _cTranslated from the Spanish of Miguel de Cervantes Saavedra by Charles Jarvis. |
| 260 |
_aLondres : Nueva York _bGeorge Routledge and Sons _c1866 |
||
| 300 |
_a1 v. en 2 partes (xii, 532 p.) _bil. _c19 cm. |
||
| 500 | _aContenido : Primera parte. Prólogo del autor. Segunda parte. Prólogo del autor | ||
| 500 | _aEjemplar por completo igual al anterior [590]. Tela Lúdovik Osterc | ||
| 500 | _aQM463 | ||
| 546 | _aTexto en : inglés | ||
| 650 | 1 | 4 |
_aNovela española _yÉpoca clásica, 1500-1700 _9215 |
| 650 | 1 | 4 |
_aLiteratura española _yÉpoca clásica, 1500-1700 _9216 |
| 650 | 1 | 4 |
_aNovela española _ySiglo XVII _9217 |
| 650 | 1 | 4 |
_aDon Quijote (Personaje ficticio) _eNovela _9218 |
| 700 | 1 |
_aJarvis, Charles _d?-1739 _eTraductor _98735 |
|
| 740 | 0 | _aEl Ingenioso Hidalgo Don Quijote de la Mancha | |
| 902 | _aQFM | ||
| 942 |
_2lcc _cB |
||
| 999 |
_c3033 _d3033 |
||